[Event "World Blitz 2023"]
[Site "Samarkand UZB"]
[Date "2023.12.30"]
[EventDate "2023.12.29"]
[Round "20.8"]
[Result "1-0"]
[White "D Gukesh"]
[Black "Renato Terry"]
[WhiteElo "2657"]
[BlackElo "2578"]
[PlyCount "132"]

1. e4 e6 2. d4 d5 3. Nc3 Nf6 4. e5 Nfd7 5. f4 c5 6. Nf3 Nc6 7. Be3 Be7 8.
Qd2 O-O 9. dxc5 Qa5 10. O-O-O b6 11. Bb5 Nb4 12. a3 bxc5 13. Bxd7 Bxd7 14.
axb4 cxb4 15. Nb1 Qa2 16. Qd3 Rfc8 17. Kd2 Qxb2 18. Bd4 Qa2 19. Ke3 Rxc2
20. Nbd2 Qa4 21. Ra1 Qc6 22. Ra6 Qc8 23. Rha1 Rb8 24. Rxa7 b3 25. Qa6 Qe8
26. Rb7 Rcc8 27. Rxb3 Ra8 28. Qd3 h6 29. Rxa8 Rxa8 30. Kf2 Ba4 31. Rb2 Rc8
32. Qe3 Bc2 33. g4 h5 34. h3 Bg6 35. Kg3 Qa4 36. Rb7 Bf8 37. Nh4 Bh7 38. f5
hxg4 39. hxg4 Qd1 40. fxe6 fxe6 41. Qf4 Qe1+ 42. Bf2 Qc1 43. Nhf3 Qc3 44.
Qf7+ Kh8 45. Qxe6 Rd8 46. g5 Qd3 47. Qg4 d4 48. Qf4 Qg6 49. Bxd4 Qe6 50.
Bf2 Qd5 51. Rb6 Re8 52. g6 Be7 53. gxh7 Rf8 54. Qg4 Qd3 55. Re6 Ba3 56. Qg6
Qd7 57. Ra6 Bb4 58. Qe6 Qd3 59. Qc4 Qf5 60. Qxb4 Qd3 61. Qe4 Qxa6 62. e6
Qd6+ 63. Kg2 Qe7 64. Bg3 Qf6 65. Ne5 Re8 66. Nf7+ 1-0